000 01081nam a2200265Ia 4500
003 OSt
005 20220923211220.0
006 a|||||r|||| 00| 0
007 ta
008 220922b |||||||| |||| 00| 0 hin d
020 _a9788126724253 (hbk)
_c495
024 _a284,845
037 _bBR8588, 30/03/2015, Rajkamal Prakashan Pvt. Ltd
_cTextual
040 _aARTS
_cARTS
_bhin
041 _2hin
_ahin
082 _aNW44wN12,1, 152Q3
100 _aसहगल, ज़ोहरा
_9156291
245 0 _aक़रीब से
_b मंच और फ़िल्मी पर्दे से जुड़ी यादें
246 _aक़rīb se: hincha aur फ़ilmī parde se juड़ī yādean
260 _aनयी दिल्ली
_b राजकमल प्रकाशन
_c2013
300 _a243पृ.
_ccm.
650 _aल्थ्ल्त् क्ल्ज्ञ
_9156276
942 _hNW44wN12,1, 152Q3
_cTEXL
_2CC
999 _c297053
_d297053